Wahdat afkar: (Record no. 330583)

000 -LEADER
fixed length control field nam a22 7a 4500
003 - CONTROL NUMBER IDENTIFIER
control field NUST
005 - DATE AND TIME OF LATEST TRANSACTION
control field 20170721130908.0
008 - FIXED-LENGTH DATA ELEMENTS--GENERAL INFORMATION
fixed length control field 170721b xxu||||| |||| 00| 0 eng d
040 ## - CATALOGING SOURCE
Transcribing agency NUST
041 ## - LANGUAGE CODE
Language code of original urdu
082 ## - DEWEY DECIMAL CLASSIFICATION NUMBER
Classification number 891.4391
Author Mark WAH
245 ## - TITLE STATEMENT
Title Wahdat afkar:
Remainder of title alaqai zabano kay qadeem o jadeed shairi adab ka intekhab.
260 ## - PUBLICATION, DISTRIBUTION, ETC.
Place of publication, distribution, etc. Islamabad:
Name of publisher, distributor, etc. Ferouz Sons,
300 ## - PHYSICAL DESCRIPTION
Extent v.1
500 ## - GENERAL NOTE
General note V.1 Poetry
546 ## - LANGUAGE NOTE
Language note In urdu
650 ## - SUBJECT ADDED ENTRY--TOPICAL TERM
Topical term or geographic name entry element Urdu Literature
Form subdivision Poetry
9 (RLIN) 3519
880 ## - ALTERNATE GRAPHIC REPRESENTATION
Linkage 245-01\(3\r
Title وحدت افکار:
b علاقائی زبانوں کے قدیم و جدید شعری ادب کا انتخاب
880 ## - ALTERNATE GRAPHIC REPRESENTATION
Linkage 260-02\(3\r
Title اسلام آباد:
b فیروز سنز،
942 ## - ADDED ENTRY ELEMENTS (KOHA)
Source of classification or shelving scheme
Koha item type Book
Holdings
Withdrawn status Lost status Source of classification or shelving scheme Damaged status Not for loan Permanent Location Current Location Shelving location Date acquired Full call number Barcode Date last seen Copy number Price effective from Koha item type Source of acquisition Total Checkouts
          Central Library (CL) Central Library (CL) Fiction 07/21/2017 891.4391 WAH CL1139 10/08/2021 1 07/21/2017 Book    
          Central Library (CL) Central Library (CL) General Stacks 08/27/2020 891.4391 WAH CL-D-1001 01/30/2026   08/27/2020 Book Donation  
© 2023 Central Library, National University of Sciences and Technology. All Rights Reserved.